| 000 | 00613nam a2200229Ia 4500 | ||
|---|---|---|---|
| 001 | 2250 | ||
| 005 | 20240113233534.0 | ||
| 007 | ta | ||
| 008 | 050223s1961 a g b000 u eng u | ||
| 040 | _aRef.Stack | ||
| 041 | _aeng | ||
| 082 |
_a346.043 _bGOA |
||
| 110 | _aGovt. of Assam . | ||
| 245 | 0 |
_aReport on Socio - Enconomic survey in Garo Hills 1961 / _cGovt. of Assam. _hReports |
|
| 250 | _a1st ed / | ||
| 260 |
_aAssam : _bDept. of Economics , _c1961. |
||
| 300 |
_a95p. : _bill ; _c23cm. . |
||
| 653 | _aReport : Socio - Enconomic survey | ||
| 942 |
_2ddc _cBK |
||
| 999 |
_c2243 _d2243 |
||